| 000 | 00930nam a22002297a 4500 | ||
|---|---|---|---|
| 999 |
_c3002 _d3002 |
||
| 003 | AR-CdUCM | ||
| 008 | 190305b ||||| |||| 00| 0 spa d | ||
| 040 |
_aMUNICIPALIDAD PROVINCIAL DEL CUSCO _cBIBLIOTECA MUNICIPAL DEL CUSCO |
||
| 082 |
_a985.009 / _bR36 |
||
| 100 |
_aReina Loli, Manuel Salvador _910242 |
||
| 245 | _aPedro Pablo Atusparia / | ||
| 260 |
_aLima : _bVisión Peruana, _bMonterrico, _c1987. |
||
| 300 |
_a63 páginas ; _bilustraciones, _c21 cm. |
||
| 440 |
_aLos que hicieron el Perú, Biblioteca visión peruana. _n12 _910243 |
||
| 500 | _aEsta publicación es un aporte de la revista Visión Peruana" - Cubierta posterior. | ||
| 505 | _aContenido: Orígenes y nacimiento -- Formación del caudillo -- El hombre y sus circunstancias -- El levantamiento -- Pretextos ... | ||
| 650 |
_aHistoria _9136 |
||
| 650 |
_aBiografía _922 |
||
| 650 |
_aIndigenista Peruano _910244 |
||
| 942 |
_2ddc _cLIBROS |
||
| 945 | _aachl | ||